[Event "Ruhrgebiet Verbandsklasse Gruppe 3 1617"]
[Site "Germany"]
[Date "2017.03.12"]
[Round "8.3"]
[White "Riese, Manfred"]
[Black "Balke, Heinrich Christian"]
[Result "1/2-1/2"]
[WhiteElo "1823"]
[BlackElo "1811"]
[PlyCount "108"]
[EventDate "2016.09.04"]
[EventType "team-tourn"]
[EventRounds "9"]
[EventCountry "GER"]
[SourceTitle "EXT 2022"]
[Source "ChessBase"]
[SourceDate "2021.10.06"]
[SourceVersion "1"]
[SourceVersionDate "2021.10.06"]
[SourceQuality "1"]
[WhiteTeam "Muelheim SC"]
[BlackTeam "Recklinghausen Laeufer Ost"]
[WhiteTeamCountry "GER"]
[BlackTeamCountry "GER"]

1. c4 Nf6 2. g3 c5 3. Bg2 Nc6 4. Nc3 g6 5. d3 Bg7 6. Bg5 d6 7. Qd2 h6 8. Bxf6 Bxf6 9. e3 Bd7 10. Nge2 0-0 11. 0-0 Rb8 12. Rad1 Kh7 13. h3 a6 14. Nd5 Bg7 15. d4 cxd4 16. Nxd4 Nxd4 17. exd4 Bc6 18. Qd3 e6 19. Ne3 Bxg2 20. Kxg2 Qb6 21. b3 Rbc8 22. f4 Qa5 23. Rf2 b5 24. Rdd2 Rc7 25. h4 bxc4 26. Nxc4 Qd5+ 27. Kh2 Qc6 28. d5 exd5 29. Qxd5 Rd8 30. Rf3 Qxd5 31. Rxd5 Bf8 32. Rfd3 Rcd7 33. g4 Re8 34. Kg3 Re2 35. a4 Kg7 36. Kf3 Rh2 37. Kg3 Re2 38. h5 gxh5 39. gxh5 Re1 40. Nxd6 Rxd6 41. Rxd6 Bxd6 42. Rxd6 Re3+ 43. Kg4 Rxb3 44. Rxa6 Rc3 45. a5 Rc5 46. Ra7 Kf6 47. a6 Ra5 48. Ra8 Ra1 49. a7 Rg1+ 50. Kf3 Rf1+ 51. Ke3 Re1+ 52. Kd4 Rd1+ 53. Ke3 Re1+ 54. Kf2 Ra1 1/2-1/2